La Tribune juive

Disimpan dalam:
Butiran Bibliografi
Format: Jurnal
Bahasa:French
Diterbitkan: Strasbourg : La Tribune juive,
Subjek-subjek:
Penanda-penanda: Tambah Penanda
Tiada Penanda, Jadilah orang pertama menanda rekod ini!
LEADER 00842cas a2200301 a 4500
001 002000296-3
005 20160519151252.0
008 930825d19uu19uufr wr pea 0 0fre d
010 |a sn 93031438  
035 0 |a ocm28692671 
040 |a HLS  |c HLS  |d HUL 
041 0 |a freger 
042 |a lcd 
043 |a e-fr--- 
130 0 |a Tribune juive (Strasbourg, France) 
245 0 3 |a La Tribune juive  |h [microform]. 
260 |a Strasbourg :  |b La Tribune juive, 
300 |a v. :  |b ill. 
310 |a Weekly 
500 |a Description based on: 5. année, no 25 (22 juin, 1923); title from caption. 
525 |a Includes supplements. 
546 |a French and German. 
650 0 |a Jews  |z France  |v Periodicals. 
650 0 |a Jews  |v Periodicals. 
650 0 |a Judaism  |v Periodicals. 
752 |a France  |d Strasbourg 
988 |a 20020608 
906 |0 MH